| 000 | 003320000a22000970004500 | ||
|---|---|---|---|
| 100 | 1 | _aDe Vos, Craig | |
| 245 | 1 | 0 | _aOnce a Slave, always a slave? Slavery, manumission and relational patterns in Paul's letter to Philemon |
| 300 | _aNúm 82 (2001), Páginas 89-105 | ||
| 773 | 0 | _tJournal for the Study of the New Testament | |
| 942 | _cANA | ||
| 999 |
_c55912 _d55912 |
||